Statistics for 5 Biggest Cities : Somalia

Click here to take the quiz!

General Stats

  • This quiz has been taken 15 times
  • The average score is 2 of 5

Answer Stats

Rank City % Correct
1Mogadishu
100%
2Hargeisa
50%
4Kismayo
42%
3Berbera
25%
5Merca
17%

Score Distribution

Percentile by Number Answered

Percent of People with Each Score

Your Score History

You have not taken this quiz